| 000 | 01103nam0a2200313 4500 | ||
|---|---|---|---|
| 001 | RU\NLR\BIBL_A\012766130 | ||
| 005 | 20220621133340.0 | ||
| 010 |
_a978-5-04-154131-6 _93000 |
||
| 021 |
_aRU _bКН-П-21-095811 _9КН-П-21-7660 |
||
| 035 | _a(NLR Aleph) 012766130 | ||
| 090 |
_a13077837 _c13077837 |
||
| 100 | _a20220419d2022 u y0rusy50 ca | ||
| 101 | 0 | _arus | |
| 102 | _aRU | ||
| 105 | _aa z 001zy | ||
| 181 | 0 |
_ai _baxxe |
|
| 182 | 0 | _an | |
| 200 | 1 |
_aГуашь за 4 простых шага _eрисуем популярные сюжеты в самой легкой технике _fАнна Колядыч |
|
| 203 |
_aТекст _bвизуальный _cнепосредственный |
||
| 210 |
_aМосква _cБомбора _cЭксмо _d2022 |
||
| 215 |
_a191, [1] с. _cцв. ил. _d25 |
||
| 320 | _aУказ. в конце кн. | ||
| 606 | 1 |
_aГуашь _xТехника _9951110 _3RU\NLR\AUTH\66353626 |
|
| 686 | 1 | _aЩ140.869 | |
| 700 | 1 |
_aКолядыч _bА. _gАнна |
|
| 942 | _cBOOK | ||
| 980 | _aNB | ||